banner koha

Weed interference on the accumulation of dry mass and macronutrients of eggplant ‘nápoli’ (Registro n. 9548)

MARC details
000 -LÍDER
fixed length control field 03806nab a2200325 i 4500
003 - CÓDIGO MARC DA AGÊNCIA CATALOGADORA
Campo de controle BR-BrBNA
005 - DATA E HORA DA ÚLTIMA ATUALIZAÇÃO
Campo de controle 20230920103104.0
008 - CAMPO DE TAMANHO FIXO
fixed length control field 230704b2019 bl.ar|pooa||| 00| 0 eng |
040 ## - FONTE DA CATALOGAÇÃO
Agência catalogadora BR-BrBNA
Idioma da catalogação eng
072 ## - CATEGORIA AGRIS
Código AGRIS H60
Código do objeto 1830
100 ## - ENTRADA PRINCIPAL - NOME PESSOAL
Nome pessoal Marques, L.J.P.
100 ## - ENTRADA PRINCIPAL - NOME PESSOAL
Nome pessoal Bianco, M.S.
100 ## - ENTRADA PRINCIPAL - NOME PESSOAL
Nome pessoal Bianco, S.
100 ## - ENTRADA PRINCIPAL - NOME PESSOAL
Nome pessoal Filho, A.B.C.
100 ## - ENTRADA PRINCIPAL - NOME PESSOAL
Nome pessoal Cerveira Junior, W.R.
100 ## - ENTRADA PRINCIPAL - NOME PESSOAL
Nome pessoal Carvalho, L.B.
245 ## - TÍTULO PRINCIPAL
Título principal Weed interference on the accumulation of dry mass and macronutrients of eggplant ‘nápoli’
500 ## - NOTA GERAL
Nota geral Publicação on-line, 27 ref.; 2 tables; 3 illus.; Summaries (En, Pt)
942 ## - ADDED ENTRY ELEMENTS (KOHA)
Koha item type
520 ## - NOTA DE RESUMO
Nota de conteúdo <br/><br/>ABSTRACT - The presence of weeds may affect both growth and nutrition of<br/>agricultural crops due to interference. The objective was to evaluate the interference<br/>of weeds in the dry mass distribution and in the accumulation of dry mass and<br/>macronutrients in eggplant. The treatments consisted of increasing weed-free and<br/>weedy periods (0-14, 0-28, 0-42, 0-56, 0-70, 0-84, 0-98, 0-112, 0-126, 0-140 and 0-154 days<br/>after transplanting) in eggplant ‘Nápoli’. The experiment was arranged in a randomized<br/>block design with three replicates. Weeds affected the distribution of dry mass<br/>between vegetative and reproductive organs of eggplant. There was a significant<br/>reduction in the accumulation of dry mass and macronutrients when weeds grew<br/>with eggplant crop beyond 42 days after transplanting, reaching the maximum<br/>reduction of 79%, 75%, 80%, 82%, 83%, 83% and 80% in the accumulation of dry<br/>mass, K, N, Ca, Mg, P and S, respectively. Therefore, the weed community significantly<br/>affects the growth and mineral nutrition of eggplant ‘Napoli’, and there should be no<br/>weed-crop coexistence beyond 28 days after seedling transplanting.<br/><br/>Keywords: Solanum melogena, weed competition, plant growth, mineral nutrition.<br/><br/>
520 ## - NOTA DE RESUMO
Nota de conteúdo <br/><br/>RESUMO - A convivência com plantas daninhas pode afetar o crescimento e a<br/>nutrição de culturas agrícolas devido à interferência. O objetivo deste estudo foi<br/>avaliar a interferência das plantas daninhas na distribuição de massa seca e no<br/>acúmulo de massa seca e de macronutrientes em plantas de berinjela. Os tratamentos<br/>consistiram de períodos crescentes de convivência e de controle de plantas<br/>daninhas (0-14, 0-28, 0-42, 0-56, 0-70, 0-84, 0-98, 0-112, 0-126, 0-140 e 0-154 dias<br/>após o transplantio) na cultura da berinjela cultivar Nápoli. O experimento foi<br/>disposto em delineamento em blocos casualizados com três repetições. As plantas<br/>daninhas afetaram a distribuição de massa seca entre os órgãos vegetativos e<br/>reprodutivos das plantas de berinjela. Houve redução expressiva no acúmulo de<br/>massa seca e macronutrientes quando as plantas daninhas conviveram com a<br/>cultura de berinjela além de 42 dias após o transplante, atingindo a máxima<br/>redução de 79%, 75%, 80%, 82%, 83%, 83% e 80% no acúmulo de massa seca, K,<br/>N, Ca, Mg, P e S, respectivamente. Portanto, a comunidade infestante afeta<br/>significativamente o crescimento e a nutrição mineral de berinjela Nápoli, não<br/>devendo haver convivência além de 28 dias após o transplante das mudas.<br/><br/>Palavras-chave: Solanum melogena, competição de plantas daninhas, crescimento<br/>de plantas, nutrição mineral.
650 ## - ASSUNTO - THESAGRO
Cabeçalho tópico ou nome geográfico SOLANUM MELONGENA
650 ## - ASSUNTO - THESAGRO
Cabeçalho tópico ou nome geográfico BERINJELA
650 ## - ASSUNTO - THESAGRO
Cabeçalho tópico ou nome geográfico ERVA DANINHA
650 ## - ASSUNTO - THESAGRO
Cabeçalho tópico ou nome geográfico CRESCIMENTO
650 ## - ASSUNTO - THESAGRO
Cabeçalho tópico ou nome geográfico NUTRIÇÃO VEGETAL
773 0# - ENTRADA ANALÍTICA
Host Biblionumber 886
Registro do item 1816
Imprenta Londrina-PR : Sociedade Brasileira da Ciência das Plantas Daninhas, 1978
Outro identificador 2023-031023
Título Planta Daninha (Brazil)
ISSN 0100-8358; 1806-9681 (on-line)
Colação v. 37 p. 1-9; (2019)
Número de controle de registro BR2023000498
856 ## - ACESSO E ENDEREÇO ELETRÔNICO
Identificador uniforme de recurso - URI https://www.scielo.br/j/pd/a/GM774WhB56hHMxLkm5HfHFf/?format=pdf&lang=en

Nenhum exemplar disponível.

BINAGRI

Telefone: (61)3218-2567/2388/3357/2097 - binagri@agro.gov.br

Ministério da Agricultura e Pecuária , Esplanada dos Ministérios, Bloco D, Anexo B, Brasília/DF, CEP: 70.043-900